Statistiques concernant Culture générale - Quiz #05

Cliquez ici pour prendre le quiz!

Statistiques générales

  • Ce quiz a été pris 24 457 fois
  • Le résultat moyen est 9 sur 20

Statistiques - réponses

QuestionRéponse% Correct
Si une personne est une "fashion victim", de quoi est-elle une victime ?De la mode
83%
Si vous êtes né.e le 1er août, quel est votre signe astrologique ?Lion
82%
Qui est le directeur de Poudlard dans la majeure partie de la saga Harry Potter ?Albus Dumbledore
81%
Dans la série de jeux Super Mario, qui est le pire ennemi de Mario ?Bowser
79%
Quel concours international de chanson a été remporté par ABBA ou encore Céline Dion ?L'Eurovision
72%
Qui a écrit la pièce de théâtre "Hamlet" ?William Shakespeare
70%
Quelle ville a accueilli les premiers Jeux Olympiques modernes en 1896 ?Athènes
68%
Sans inclure les territoires d'outre-mer, quel est le pays le plus au sud du monde ?Le Chili
61%
Quel est l'ancien nom de la ville de Mumbai ?Bombay
60%
Dans quel sport Nadia Comăneci a-t-elle obtenu la note "parfaite" de 10 aux Jeux olympiques d'été de 1976 ?La gymnastique
57%
Que prépare un mixologue ?Des cocktails
37%
De nombreuses villes d'Allemagne disposent d'un U-Bahn. De quoi s'agit-il ?Un métro
33%
En musique, quel signe abaisse la hauteur d'une note d'un demi-ton ?Le bémol
31%
Quel est le canton suisse le plus occidental ?Canton de Genève
28%
Quelle ville d'une ancienne colonie française a pour initiales HCMV ?Hô Chi Minh-Ville
23%
Quels sont les deux états non membres des Nations Unies mais présents en tant qu'observateurs ?La Palestine
22%
Quels sont les deux états non membres des Nations Unies mais présents en tant qu'observateurs ?Le Vatican
15%
Quel chef d'état est né en 1936 à Buenos Aires sous le nom Jorge Mario Bergoglio ?Le Pape François
13%
Quel site naturel australien est aussi connu sous le nom d'"Ayers Rock" ?Uluru
13%
Quelle est l'étoile la plus brillante du ciel (après le Soleil) ?Sirius
12%

Distribution des résultats

Percentile par nombre de réponses

% des personnes avec chaque résultat

Votre développement - résultats

Vous n’avez pas pris ce quiz